Cassandra's dream Το όνειρο της Κασσάνδρας
Δύο αδέλφια, ο Τέρι και ο Ίαν, αγοράζουν το ιστιοπλοϊκό "Το όνειρο της Κασσάνδρας". Αρχίζουν να αντιμετωπίζουν οικονομικά προβλήματα και απευθύνονται για βοήθεια στον πλούσιο θείο τους Τέρι, ο οποίος τους ζητάει με τη σειρά του μια μεγάλη χάρη....
Αποθηκεύτηκε σε:
| Άλλοι συγγραφείς: | , , , , , |
|---|---|
| Μορφή: | |
| Γλώσσα: | English Greek |
| Δημοσίευση: |
Αθήνα :
Spentzos Film [εταιρεία διανομής],
c2008.
|
| Θέματα: | |
| Ετικέτες: |
Προσθήκη ετικέτας
Δεν υπάρχουν, Καταχωρήστε ετικέτα πρώτοι!
|
MARC
| LEADER | 00000cgm a2200000 i 4500 | ||
|---|---|---|---|
| 001 | 1/51388 | ||
| 008 | 140709s2008 gr ||| | || ||eng|| | ||
| 035 | |l 10118322 | ||
| 040 | |a GR-MyUa |b gre |e AACR2 | ||
| 041 | 0 | |a eng |j gre | |
| 082 | 7 | |a 791.437 |2 (22) | |
| 245 | 0 | 0 | |a Cassandra's dream |h [μαγνητοσκόπηση] = |b Το όνειρο της Κασσάνδρας / |c written and directed by Woody Allen. |
| 246 | 1 | |i Παράλληλος τίτλος: |a Το όνειρο της Κασσάνδρας | |
| 260 | |a Αθήνα : |b Spentzos Film [εταιρεία διανομής], |c c2008. | ||
| 300 | |a 1 βιντεοδίσκος (113 λεπτ.) : |b ομίλ., έγχρ. ; |c 4 3/4 ίν. | ||
| 500 | |a Κυκλοφόρησε πρώτη φορά ως κινηματογραφική ταινία το 2007. | ||
| 508 | |a Μουσική, Philip Glass ; μοντάζ, Alisa Lepselter ; διεύθυνση φωτογραφίας, Vilmos Zsigmond. | ||
| 511 | 0 | |a Hayley Atwell, Colin Farrell, Sally Hawkins, Ewan McGregor, Tom Wilkinson. | |
| 520 | |a Δύο αδέλφια, ο Τέρι και ο Ίαν, αγοράζουν το ιστιοπλοϊκό "Το όνειρο της Κασσάνδρας". Αρχίζουν να αντιμετωπίζουν οικονομικά προβλήματα και απευθύνονται για βοήθεια στον πλούσιο θείο τους Τέρι, ο οποίος τους ζητάει με τη σειρά του μια μεγάλη χάρη. | ||
| 546 | |a Στα αγγλικά με υπότιτλους στα ελληνικά. | ||
| 650 | 0 | |a Brothers |v Drama. | |
| 655 | 7 | |a Feature films |2 lcgft | |
| 700 | 1 | |a Allen, Woody, |d 1935- |e drt | |
| 700 | 1 | |a Farrell, Colin, |d 1976- |e act | |
| 700 | 1 | |a McGregor, Ewan, |d 1971- |e act | |
| 700 | 1 | |a Atwell, Hayle, |d 1982- |e act | |
| 700 | 1 | |a Wilkinson, Tom, |d 1948- |e act | |
| 700 | 1 | |a Hawkins, Sally, |d 1976- |e act | |
| 852 | |a INST |b SYROS |c AV |e 20140709 |h 791.437 ALL |p 005500011564 |q 005500011564 |t DVD |y 23 | ||
| 901 | |a BIBL5-2014-2 | ||
| 922 | |a 5ΕΛΗ |b 201311 |c Βιβλιοθήκη Σύρου |d Videorama | ||
| 970 | |a Κοντού |b Παρασκευή |z 09/07/2014 | ||